|
|
|
|
| LEADER |
00000nta a2200000 i 4500 |
| 001 |
dolg42653 |
| 005 |
20230125092946.0 |
| 008 |
230125s2014 hu om 000 hun d |
| 040 |
|
|
|a BGE Dolgozattár Repozitórium
|b hun
|
| 041 |
|
|
|a hu
|
| 100 |
1 |
|
|a Honéczy Júlia Klára
|
| 245 |
1 |
3 |
|a Az Y generáció közösségi médiahasználatának vizsgálata
|c Honéczy Júlia Klára
|h [elektronikus dokumentum]
|
| 260 |
|
|
|c 2014
|
| 695 |
|
|
|a Y-generáció
|
| 695 |
|
|
|a Közösségi média
|
| 700 |
1 |
|
|a Nincs adat Nincs adat
|e ths
|
| 856 |
4 |
0 |
|u http://dolgozattar.uni-bge.hu/42653/1/D_16950_FG6S53%20-%20Hon%C3%A9czy%20J%C3%BAlia%20Kl%C3%A1ra.pdf
|z Dokumentum-elérés
|